| 000 | 00776nam a2200241 i 4500 | ||
|---|---|---|---|
| 001 | 88702 | ||
| 003 | ES-MaACL | ||
| 005 | 20240604120304.0 | ||
| 007 | t| | ||
| 008 | 050105s1982 sp ||||1| spa d | ||
| 080 | _a821.134.2-43"18" | ||
| 100 | 1 |
_aLarra, Mariano José de, _d1809-1837 _970287 |
|
| 245 | 1 | 0 |
_aArtículos sociales, políticos y de crítica literaria / _cMariano José de Larra ; edición, estudio y notas de Juan Cano Ballesta. |
| 250 | _a1ª ed. | ||
| 260 |
_aMadrid : _bAlhambra, _c1982. |
||
| 300 |
_aVII, 490 p. ; _c20 cm. |
||
| 490 | 1 |
_aClásicos ; _v24 |
|
| 700 | 0 |
_aCano Ballesta, Juan, _d1932- _934542 |
|
| 830 | 0 |
_aColección Clásicos (Alhambra) ; _v24 _9235956 |
|
| 852 | 4 |
_a BA _jL-3188 |
|
| 942 | _2udc | ||
| 999 |
_c88702 _d88702 |
||